000 00331nam a22001457a 4500
008 221006b ||||| |||| 00| 0 eng d
020 _a9780803630413
041 _aeng
080 _29th edition
_a610.73
082 _a610.73 DOE
100 _a5
101 _aINF
245 _aNURSING CARE PLANS
_cDOENGES M.E
942 _2udc
_cBK
999 _c58384
_d58384